| 000 | 00939nam a2200217 i 4500 | ||
|---|---|---|---|
| 001 | 74226 | ||
| 003 | ES-MaACL | ||
| 005 | 20240222171432.0 | ||
| 007 | t| | ||
| 008 | 040916s1982 sp ||||1| spa d | ||
| 080 | _a821.134.2 Cervantes Saavedra, Miguel de 7 Novelas ejemplares.07 | ||
| 100 | 1 |
_aAmezúa y Mayo, Agustín G. de, _d1881-1956 _921219 |
|
| 245 | 1 | 0 |
_aCervantes creador de la novela corta española / _cintroducción a la edición crítica y comentada de las novelas ejemplares por Agustín G. de Amezúa y Mayo. |
| 260 |
_aMadrid : _bInstituto Miguel de Cervantes, _c1982. |
||
| 300 |
_a2 v. ; _c25 cm. |
||
| 490 | 1 |
_aClásicos hispánicos. Serie IV ; _v1 ; 2 |
|
| 600 | 1 | 4 |
_aCervantes Saavedra, Miguel de, _d1547-1616. _tNovelas ejemplares- _xCrítica e interpretación _937622 |
| 830 | 0 |
_aClásicos hispánicos. Serie IV ; _v1 ; 2 _9183436 |
|
| 852 |
_aES-MaACL _jL-4238-9 _bR.104930 |
||
| 999 |
_c74226 _d74226 |
||